Bardejovské kúpele Liečebný dom Zborov

Zobrazenie: Pohľad zo strany, zľava, na priečelie liečebného domu, ktorý má pod strechou v strede tabuľu s nápisom "Liečebný dom Zborov". Nad vchodom je balkón a nad ním na druhom poschodí je ďalší a sú prepojené štyrmi stĺpmi. Vľavo na prvom poschodí je ešte jeden balkón. Pred budovou je...

Full description

Bibliographic Details
Other Authors: Sergějev, Vasil (fotograf) (Photographer)
Format: Postcard
Language:Slovak
PhysicalDescription:1 pohľadnica čiernobiela 11 x 15 cm
Published: Bratislava Slovenské vydavateľstvo politickej literatúry 1962
Subjects:

MARC

LEADER 00000nkm a2200000 a 4500
001 vtls011897705
003 SK-MaSNL
005 20260512125414.0
007 kp bo
008 230706s1962 xo g kuslo
015 |a SNBG1962 
035 |a urn:nbn:sk:snk-km00e9v2 
035 |a urn:nbn:sk:snk-km43hb5 
035 |a 8969E3F3-B69A-4EDC-AFDE-CA904E027043 
040 |a SNK  |b slo  |c SNK  |e AACR2 
041 0 |a slo 
043 |a e-xo--- 
044 |a xo  |c SK 
072 7 |a 913  |x Regionálna geografia  |2 konspekt 
080 |a 913(437.6)  |2 2011 
080 |a 711.455:615.838  |2 2011 
080 |a 614.2:[725.1:614.21]  |2 2011 
080 |a (084.121)  |2 2011 
100 1 |a Sergějev, Vasil  |c (fotograf)  |4 pht  |9 338162 
245 1 0 |a Bardejovské kúpele  |h grafika  |b Liečebný dom Zborov  |c foto Vasil Sergĕjev 
260 |a Bratislava  |b Slovenské vydavateľstvo politickej literatúry  |c 1962 
300 |a 1 pohľadnica  |b čiernobiela  |c 11 x 15 cm 
520 8 |a Zobrazenie: Pohľad zo strany, zľava, na priečelie liečebného domu, ktorý má pod strechou v strede tabuľu s nápisom "Liečebný dom Zborov". Nad vchodom je balkón a nad ním na druhom poschodí je ďalší a sú prepojené štyrmi stĺpmi. Vľavo na prvom poschodí je ešte jeden balkón. Pred budovou je trávnik s tromi lavičkami a jedným stĺpom verejného osvetlenia. Na lavičke vpravo sedí jeden muž a na lavičke vľavo sedia traja muži. Pred vchodom do liečebného domu je pás, tvorený z vysokých kríkov. V pravom hornom rohu je časť koruny listnatého stromu 
610 2 7 |a Bardejovské Kúpele (Slovensko)  |2 SNKKA  |9 186531 
610 2 7 |a Liečebný dom Zborov (Bardejov, Slovensko)  |2 SNKKA  |9 360674 
650 0 7 |a kúpele  |2 SNKPH  |9 1139 
650 0 7 |a liečebne  |2 SNKPH  |9 56920 
651 7 |a Bardejovské Kúpele (Bardejov, Slovensko)  |2 SNKPHgeo  |9 187552 
655 7 |a miestne pohľadnice  |2 SNKPH  |9 70510 
852 |a Slovenská národná knižnica 
958 |a GBN 
958 |a GC 
958 |a OND 
999 |c 1034849  |d 1036779 
952 |a SNK  |b SNK  |y PREZ  |7 0  |p 17A1224414  |o snkSP 9359  |z Pohľadnica prešla poštou.  |0 0  |1 0  |4 0  |d 2019-11-04  |f 1  |l 0  |r 2026-02-24 14:05:52  |w 2026-02-24